Modelling with differential and difference equations /

Guardado en:
Autor Principal: Fulford, Glenn.
Otros Autores: Forrester, Peter., Jones, Arthur, 1934-
Formato: Libro
Idioma:English
Publicado: Cambridge : Cambridge University Press, 1997.
Series:Australian Mathematical Society lecture series ; 10
Materias:
Acceso en línea:Google Book Search
Publisher description
Etiquetas: Agregar Etiqueta
Sin Etiquetas, Sea el primero en etiquetar este registro!
LEADER 01996cam a2200313 a 4500
001 MAT.inmabb004112
008 970627s1997####enka#####b####001#0#eng#d
005 20130319145143.0
245 1 0 |a Modelling with differential and difference equations /  |c Glenn Fulford, Peter Forrester, Arthur Jones. 
260 |a Cambridge :  |b Cambridge University Press,  |c 1997. 
300 |a x, 405 p. :  |b il. ;  |c 24 cm. 
440 0 |a Australian Mathematical Society lecture series ;  |v 10 
504 |a Incluye referencias bibliográficas (p. 399-402) e índice. 
505 0 |a Part 1. Simple models in mechanics: 1. Newtonian mechanics; 2. Kinematics on a line; 3. Ropes and pulleys; 4. Friction; 5. Differential equations: linearity and SHM; 6. Springs and oscillations -- Part 2. Models with difference equations: 7. Difference equations; 8. Linear difference equations in finance and economics; 9. Non-linear difference equations and population growth; 10. Models for population genetics -- Part 3. Models with differential equations: 11. Continuous growth and decay models; 12. Modelling heat flow; 13. Compartment models of mixing -- Part 4. Further mechanics: 14. Motion in a fluid medium; 15. Damped and forced oscillations; 16. Motion in a plane; 17. Motion on a circle -- Part 5. Coupled models: 18. Models with linear interactions; 19. Non-linear coupled models. 
510 4 |a MR,  |c 99f:00009 
020 |a 0521440696 (hardback) 
020 |a 052144618X (paperback) 
100 1 |a Fulford, Glenn. 
700 1 |a Forrester, Peter. 
700 1 |a Jones, Arthur,  |d 1934- 
650 0 |a Mathematical models. 
650 0 |a Differential equations. 
650 0 |a Difference equations. 
084 |a 00A71 (00A69 34-01 39-01)  |2 msc2000 
010 |a  97180614  
040 |a Uk  |c Uk  |d CU-A  |d DLC 
856 4 |u http://books.google.com/books?vid=ISBN052144618X  |y Google Book Search 
856 4 2 |3 Publisher description  |u http://www.loc.gov/catdir/description/cam029/97180614.html 
859 |h 00A71  |i F962  |p A-7374  |b BIB. MATEMATICA